|
|
|
|
| LEADER |
00571cam a2200157 7i4500 |
| 001 |
0000018990 |
| 005 |
20070925090000.0 |
| 090 |
0 |
0 |
|a BRUN 332.6
|b INV
|
| 245 |
0 |
0 |
|a Investment opportunities in tourism & hospitality :
|b Brunei Darussalam.
|
| 260 |
0 |
0 |
|a [S.l]:
|b Ministry of Industry and Primary Resources,
|c [2006].
|
| 300 |
# |
# |
|a 16 p..
|
| 650 |
0 |
0 |
|a Investments --
|z Brunei Darussalam
|
| 650 |
0 |
0 |
|a Tourism --
|z Brunei Darussalam
|
| 650 |
0 |
0 |
|a Hospitality industry --
|z Brunei Darussalam
|
| 651 |
0 |
0 |
|a Brunei Darussalam
|
| 999 |
|
|
|a 0000019104
|b Book
|c Countries
|e Business Information Centre
|